Statistics for 2023年度全国百强县Top 100 Richest Counties

Click here to take the quiz!

General Stats

  • This quiz has been taken 131 times
  • The average score is 38 of 100

Answer Stats

排名所属省区县级种类县级% Correct
1江苏省县级市昆山市
97%
3江苏省县级市张家港市
93%
2江苏省县级市江阴市
85%
4江苏省县级市常熟市
83%
5福建省县级市晋江市
83%
6江苏省县级市太仓市
83%
11浙江省县级市义乌市
81%
7浙江省县级市慈溪市
78%
10湖南省长沙县
74%
9江苏省县级市宜兴市
71%
25江苏省县级市启东市
71%
13浙江省县级市余姚市
66%
16浙江省县级市海宁市
60%
33福建省县级市石狮市
59%
66江苏省县级市高邮市
57%
28江苏省县级市溧阳市
56%
22江苏省县级市如皋市
55%
12浙江省县级市诸暨市
55%
68浙江省县级市东阳市
55%
29江苏省县级市丹阳市
54%
18浙江省县级市温岭市
52%
26浙江省县级市瑞安市
50%
14福建省县级市福清市
49%
36江苏省县级市靖江市
49%
30江苏省县级市泰兴市
47%
32陕西省县级市神木市
47%
21浙江省县级市桐乡市
46%
8山东省县级市龙口市
46%
56湖北省县级市仙桃市
46%
19湖南省县级市浏阳市
46%
52江苏省县级市仪征市
45%
39江西省南昌县
44%
77湖北省县级市潜江市
44%
37江苏省县级市东台市
43%
38山东省县级市荣成市
43%
96湖北省县级市天门市
43%
17山东省县级市胶州市
42%
15浙江省县级市乐清市
42%
44山东省县级市寿光市
41%
43江苏省县级市邳州市
41%
35江苏省如东县
41%
40浙江省县级市平湖市
40%
20福建省县级市南安市
39%
23江苏省县级市海安市
39%
75安徽省肥东县
38%
67江苏省沛县
38%
54安徽省肥西县
38%
53浙江省嘉善县
37%
64江苏省县级市兴化市
37%
34山东省县级市滕州市
35%
71山东省县级市莱西市
34%
48福建省闽侯县
34%
24湖南省县级市宁乡市
34%
65浙江省县级市临海市
34%
98山东省县级市青州市
34%
60山东省县级市平度市
34%
51山东省县级市招远市
33%
87四川省县级市简阳市
32%
41贵州省县级市仁怀市
32%
31河北省县级市迁安市
31%
97河北省县级市三河市
30%
55浙江省长兴县
30%
58河南省县级市新郑市
29%
74浙江省县级市永康市
29%
82河北省县级市黄骅市
28%
62江苏省沭阳县
27%
27福建省惠安县
26%
73江苏省射阳县
25%
45浙江省宁海县
25%
47山东省县级市邹城市
25%
46河南省县级市巩义市
23%
49山东省县级市诸城市
23%
99陕西省府谷县
23%
92四川省县级市彭州市
22%
61辽宁省县级市瓦房店市
22%
70湖南省县级市醴陵市
21%
72江苏省建湖县
20%
88河北省县级市武安市
20%
84山东省县级市邹平市
19%
50内蒙古自治区伊金霍洛旗
18%
85四川省县级市西昌市
18%
91河北省县级市任丘市
17%
89四川省县级市江油市
17%
94四川省县级市射洪市
17%
81福建省安溪县
17%
42内蒙古自治区准格尔旗
17%
69广东省博罗县
17%
57湖北省县级市大冶市
17%
86湖北省县级市汉川市
16%
63湖北省县级市宜都市
16%
78河南省中牟县
15%
83湖北省县级市枝江市
13%
59河南省县级市永城市
10%
76安徽省长丰县
10%
79云南省县级市安宁市
9%
80湖北省县级市枣阳市
9%
93山东省广饶县
8%
95四川省金堂县
6%
100内蒙古自治区鄂托克旗
6%
90四川省宣汉县
2%

Score Distribution

Percentile by Number Answered

Percent of People with Each Score

Your Score History

You have not taken this quiz